000 00815nmm a2200265 a 4500
001 ocm0001162351
003 TR-IsHL
005 20201028154212.0
008 150709s2012 tu tur
007 cr cn
020 _a9786054539307
035 _a1162351
_b(N$T)
050 0 4 _aPL248.T348
_bC57 2012
090 0 4 _aPL248.T348
_bC57 2012
100 1 _aTahta, Ahmet
245 1 0 _aÇırağın manifestosu
_h[electronic resource] /
_cAhmet Tahta
260 _aİstanbul :
_bYalın Yayıncılık,
_c2012
300 _a69 p.
650 4 _aDil ve Edebiyat
650 4 _aLanguage and Literature
650 0 _aTürk şiiri
650 0 _aTurkish poetry
650 7 _aPOETRY / Middle Eastern
_2bisacsh
856 4 0 _uhttp://search.ebscohost.com/login.aspx?direct=true&scope=site&db=e011xww&AN=1162351
999 _c12452
_d12452